សង្ខេបរូបមន្ត រូបវិទ្យា ថ្នាក់ទី ១០ ១១ ១២ : (Record no. 6668)
[ view plain ]
| 000 -LEADER | |
|---|---|
| fixed length control field | 02511nam a22002297a 4500 |
| 001 - CONTROL NUMBER | |
| control field | 6668 |
| 003 - CONTROL NUMBER IDENTIFIER | |
| control field | FISKH |
| 005 - DATE AND TIME OF LATEST TRANSACTION | |
| control field | 20250519162803.0 |
| 008 - FIXED-LENGTH DATA ELEMENTS--GENERAL INFORMATION | |
| fixed length control field | 250519b cb ||||| |||| 00| 0 eng d |
| 040 ## - CATALOGING SOURCE | |
| Original cataloging agency | FISKH |
| Language of cataloging | khr |
| Transcribing agency | FISKH |
| Modifying agency | FISKH |
| 082 ## - DEWEY DECIMAL CLASSIFICATION NUMBER | |
| Classification number | 530 |
| 100 ## - MAIN ENTRY--PERSONAL NAME | |
| Personal name | Sork, Nut |
| 245 ## - TITLE STATEMENT | |
| Title | សង្ខេបរូបមន្ត រូបវិទ្យា ថ្នាក់ទី ១០ ១១ ១២ : |
| Remainder of title | ត្រៀមប្រឡងឆមាស ,ត្រៀមប្រឡងចូលមហាវិទ្យាល័យ ,ត្រៀមប្រលងអាហារូបករណ៏ ,ត្រៀមប្រឡងសិស្សពូកែ / |
| Statement of responsibility, etc. | រៀបរៀងដោយ នុត សក |
| 260 ## - PUBLICATION, DISTRIBUTION, ETC. | |
| Place of publication, distribution, etc. | ភ្នំពេញ : |
| Name of publisher, distributor, etc. | តាន់ ពន្លឺក , |
| 300 ## - PHYSICAL DESCRIPTION | |
| Extent | 160 pages : |
| Other physical details | illustrations ; |
| Dimensions | 15 cm . |
| 520 ## - SUMMARY, ETC. | |
| Summary, etc. | សៀវភៅនេះផ្តោតលើការរៀបចំ និងចងចាំរូបមន្តសំខាន់ៗនៅក្នុងវិស័យរូបវិទ្យា ដែលសិស្សអាចប្រើប្រាស់បានយ៉ាងមានប្រសិទ្ធភាពក្នុងការសិក្សា និងប្រឡង។ វាបែងចែកជាប្រធានបទសំខាន់ៗដូចជា វិញ្ញាណវិជ្ជា, វិជ្ជាសមាសភាពនិងចលនា, អ័ព្ទនិងកម្លាំង, និងវិជ្ជាសមាសភាពផ្សេងៗ។ សៀវភៅនេះផងដែរ ផ្តល់ការពន្យល់ខ្លីៗ និងរូបមន្តសំខាន់ៗក្នុងមុខវិជ្ជារូបវិទ្យាដែលអាចជួយសិស្សយល់ច្បាស់ និងអនុវត្តបានតាមការសិក្សា។ |
| 520 ## - SUMMARY, ETC. | |
| Summary, etc. | This book focuses on organizing and memorizing important physics formulas that students can use effectively for studying and exams. It is divided into key topics such as mechanics, motion and forces, light and energy, and other various physics concepts. The book also provides brief explanations and essential formulas in physics, which can help students understand clearly and apply them in their studies. |
| 650 ## - SUBJECT ADDED ENTRY--TOPICAL TERM | |
| Topical term or geographic name entry element | រូបវិទ្យា ថ្នាក់ទី ១០ ១១ ១២ |
| 650 ## - SUBJECT ADDED ENTRY--TOPICAL TERM | |
| Topical term or geographic name entry element | Physics Grade 10 11 12 |
| 942 ## - ADDED ENTRY ELEMENTS (KOHA) | |
| Source of classification or shelving scheme | Dewey Decimal Classification |
| Koha item type | Khmer Books |
| Suppress in OPAC | No |
| Withdrawn status | Lost status | Source of classification or shelving scheme | Damaged status | Not for loan | Collection | Home library | Current library | Shelving location | Date acquired | Total Checkouts | Full call number | Barcode | Date last seen | Price effective from | Koha item type |
|---|---|---|---|---|---|---|---|---|---|---|---|---|---|---|---|
| Dewey Decimal Classification | Khmer Language Books / សៀវភៅភាសាខ្មែរ | Footprints International School Library Network Toul Tom Poung Campus | Footprints International School Library Network Toul Tom Poung Campus | TTP Secondary Khmer Bookshelves | 05/19/2025 | SOR 530 | 2025-1333 | 05/19/2025 | 05/19/2025 | Khmer Books |
